The Problems of Developing the Ecological Market of the Region; Applied Mechanics and Materials; Vol. 682 : Innovation Technology and Economics in Engineering

מידע ביבליוגרפי
Parent link:Applied Mechanics and Materials: Scientific Journal
Vol. 682 : Innovation Technology and Economics in Engineering.— 2014.— [P. 591-595]
מחבר ראשי: Shabashev V. A. Vladimir Alekseevich
Corporate Authors: Национальный исследовательский Томский политехнический университет (ТПУ) Юргинский технологический институт (филиал) (ЮТИ) Кафедра экономики и автоматизироанных систем управления (ЭАСУ), Национальный исследовательский Томский политехнический университет (ТПУ) Институт социально-гуманитарных технологий (ИСГТ) Кафедра экономики (ЭКОН)
מחברים אחרים: Trifonov V. A. Vladimir Aleksandrovich, Verzhitsky D. G.
סיכום:Title screen
The definition of the ecological market is given. The regularities of the ecological market development abroad are shown. The ecological and economic indicators of the ecological market of the region are suggested. The basic problems of the ecological market and its infrastructure in the Kemerovo Region are determined.
Режим доступа: по договору с организацией-держателем ресурса
שפה:אנגלית
יצא לאור: 2014
סדרה:Management and Economic Aspects Development of Enterprises
נושאים:
גישה מקוונת:http://dx.doi.org/10.4028/www.scientific.net/AMM.682.591
פורמט: אלקטרוני Book Chapter
KOHA link:https://koha.lib.tpu.ru/cgi-bin/koha/opac-detail.pl?biblionumber=641583

MARC

LEADER 00000naa2a2200000 4500
001 641583
005 20231102025146.0
035 |a (RuTPU)RU\TPU\network\6500 
035 |a RU\TPU\network\6499 
090 |a 641583 
100 |a 20150522a2014 k y0engy50 ba 
101 0 |a eng 
102 |a US 
105 |a y z 101zy 
135 |a drcn ---uucaa 
181 0 |a i  
182 0 |a b 
200 1 |a The Problems of Developing the Ecological Market of the Region  |f V. A. Shabashev, V. A. Trifonov, D. G. Verzhitsky 
203 |a Text  |c electronic 
225 1 |a Management and Economic Aspects Development of Enterprises 
300 |a Title screen 
330 |a The definition of the ecological market is given. The regularities of the ecological market development abroad are shown. The ecological and economic indicators of the ecological market of the region are suggested. The basic problems of the ecological market and its infrastructure in the Kemerovo Region are determined. 
333 |a Режим доступа: по договору с организацией-держателем ресурса 
461 1 |0 (RuTPU)RU\TPU\network\5920  |t Applied Mechanics and Materials  |o Scientific Journal 
463 0 |0 (RuTPU)RU\TPU\network\4804  |t Vol. 682 : Innovation Technology and Economics in Engineering  |o 5th International Scientific Practical Conference, May 22-23, Yurga, Russia  |o [proceedings]  |f National Research Tomsk Polytechnic University (TPU)  |v [P. 591-595]  |d 2014 
610 1 |a труды учёных ТПУ 
610 1 |a электронный ресурс 
610 1 |a мониторинг 
610 1 |a окружающая среда 
610 1 |a экологическая обстановка 
610 1 |a экологический рынок 
700 1 |a Shabashev  |b V. A.  |c economist  |c Professor of Yurga technological Institute of Tomsk Polytechnic University, doctor of economic sciences  |f 1938-  |g Vladimir Alekseevich  |2 stltpush  |3 (RuTPU)RU\TPU\pers\34683  |9 18033 
701 1 |a Trifonov  |b V. A.  |c economist  |c Associate Professor of Yurga technological Institute of Tomsk Polytechnic University, candidate of economic sciences  |f 1964-  |g Vladimir Aleksandrovich  |2 stltpush  |3 (RuTPU)RU\TPU\pers\34682  |9 18032 
701 1 |a Verzhitsky  |b D. G. 
712 0 2 |a Национальный исследовательский Томский политехнический университет (ТПУ)  |b Юргинский технологический институт (филиал) (ЮТИ)  |b Кафедра экономики и автоматизироанных систем управления (ЭАСУ)  |h 360  |2 stltpush  |3 (RuTPU)RU\TPU\col\18900 
712 0 2 |a Национальный исследовательский Томский политехнический университет (ТПУ)  |b Институт социально-гуманитарных технологий (ИСГТ)  |b Кафедра экономики (ЭКОН)  |h 149  |2 stltpush  |3 (RuTPU)RU\TPU\col\18375 
801 2 |a RU  |b 63413507  |c 20161230  |g RCR 
856 4 |u http://dx.doi.org/10.4028/www.scientific.net/AMM.682.591 
942 |c BK